000
00218 a2200097 4500
001
47259
100
_a
Montross, L
245
_a
War Through the Ages
260
_a
New York
_b
Harper & Brother
_c
090
_c
30303
_d
30303
942
_a
NUST-CAE
_c
M
_c
22563
999
_c
282332
_d
282332